Christianity and the Decline of Rome (Record no. 28259)

MARC details
000 -LEADER
fixed length control field 00457nam a2200145Ia 4500
008 - FIXED-LENGTH DATA ELEMENTS--GENERAL INFORMATION
fixed length control field 211109s9999||||xx |||||||||||||| ||und||
082 ## - DEWEY DECIMAL CLASSIFICATION NUMBER
Classification number 270
Item number GIB-C
100 ## - MAIN ENTRY--PERSONAL NAME
Personal name Gibbon, Edward
245 #0 - TITLE STATEMENT
Title Christianity and the Decline of Rome
260 ## - PUBLICATION, DISTRIBUTION, ETC.
Name of publisher, distributor, etc. J.M.Dent & Sons Ltd
Place of publication, distribution, etc. Misplace
Date of publication, distribution, etc. 1961
300 ## - PHYSICAL DESCRIPTION
Extent 512p.
630 ## - SUBJECT ADDED ENTRY--UNIFORM TITLE
General subdivision General Stack
650 ## - SUBJECT ADDED ENTRY--TOPICAL TERM
Topical term or geographic name entry element History of Christianity & Christian church
942 ## - ADDED ENTRY ELEMENTS (KOHA)
Koha item type BOOK
650 ## - SUBJECT ADDED ENTRY--TOPICAL TERM
Form subdivision Rome (Empire)Christianitycatholic church
General subdivision Generalia
Holdings
Withdrawn status Lost status Damaged status Not for loan Home library Current library Date acquired Cost, normal purchase price Total Checkouts Full call number Barcode Shelving location Date last seen Price effective from Koha item type
        SB LIBRARY SB LIBRARY 09/11/2021 100.00   270 GIB-C 00029087 GENERAL STACK 09/11/2021 09/11/2021 BOOK

Powered by Koha